51. Grammy: Robert Plant és Alison Krauss sikere

Bibliographic Details
Main Author: Puha, József, 1974- (Author)
Format: Article
Language:Hungarian
PhysicalDescription:Fotogr., tab.
ISSN:1335-7050
Subjects:

MARC

LEADER 00000nab a2200000 ar4500
001 vtls009487624
003 SK-MaSNL
005 20260318122432.0
008 090327c20090326xo |||||||| 000 b|hun
015 |a SNBRB2009/03  |2 snkbucl 
038 |a SNKBUCL 
040 |a DSZK  |b slo  |c DSZK  |e AACR2 
041 0 |a hun 
044 |a xo  |c SK 
080 |a 78:06.068  |2 1997 
080 |a 06.068:784.66  |2 1997 
080 |a 784.66  |2 1997 
100 1 |a Puha, József,  |d 1974-  |4 aut  |9 841893 
245 1 0 |a 51. Grammy: Robert Plant és Alison Krauss sikere  |c Puha József 
246 3 |a Ötvenegyedik Grammy: Robert Plant és Alison Krauss sikere 
300 |b Fotogr., tab. 
611 2 7 |a Grammy Awards  |n (51. :  |d 2009)  |2 snkbucl  |9 1532542 
650 0 7 |a hudobné ceny  |2 snkbucl  |9 1032822 
650 0 7 |a populárna hudba  |2 SNKPH  |9 3428 
773 0 |t Új szó  |g Évf. 62, sz. 33 (10.2.2009), o. 8  |x 1335-7050 
852 |a SNK  |b KIS3GCP 
852 |a DSZK  |b KIS3GCP 
958 |a HU 
958 |a US 
999 |c 3093113  |d 3095043